بيت النمر / (Record no. 128822)

MARC details
000 -LEADER
fixed length control field 00643nam a22002057a 4500
005 - DATE AND TIME OF LATEST TRANSACTION
control field 20251108175218.0
008 - FIXED-LENGTH DATA ELEMENTS--GENERAL INFORMATION
fixed length control field 250721s9999 xx 000 0 ara d
082 14 - DEWEY DECIMAL CLASSIFICATION NUMBER
Classification number ط/ق/حسي
100 1# - MAIN ENTRY--PERSONAL NAME
Personal name الحسيبي، فرح
Relator term معد
245 10 - TITLE STATEMENT
Title بيت النمر /
264 1# - PRODUCTION, PUBLICATION, DISTRIBUTION, MANUFACTURE, AND COPYRIGHT NOTICE
Place of production, publication, distribution, manufacture دمشق :
Name of producer, publisher, distributor, manufacturer دار مؤسسة السباعي،
Date of production, publication, distribution, manufacture, or copyright notice [200-].
300 ## - PHYSICAL DESCRIPTION
Extent [10 ص]
490 0# - SERIES STATEMENT
Series statement سلسلة مغامرات دبدوب
Volume/sequential designation 3
650 17 - SUBJECT ADDED ENTRY--TOPICAL TERM
Topical term or geographic name as entry element القصص العربية
650 17 - SUBJECT ADDED ENTRY--TOPICAL TERM
Topical term or geographic name as entry element الأدب العربي
653 ## - INDEX TERM--UNCONTROLLED
Uncontrolled term أطفال مرحلة متوسطة ( 6- 9 سنوات )
700 1# - ADDED ENTRY--PERSONAL NAME
Personal name كتيلة، جمال
942 ## - ADDED ENTRY ELEMENTS (KOHA)
Source of classification or shelving scheme Dewey Decimal Classification
Koha item type Books
Holdings
حالة السحب حالة الفقدان مصدر التصنيف حالة التلف غير قابل للإعارة المكتبة الرئيسية المكتبة الحالية تاريخ التزويد الرقم المتسلسل Total Checkouts رقم الإستدعاء الباركود تاريخ آخر ظهور تاريخ الفاتورة نوع المادة (كوها) موقع الرف
    Dewey Decimal Classification     مكتبة البشائر للأطفال مكتبة البشائر للأطفال 02/06/2015 527703   ط/ق/حسي PLD00328789 28/07/2025 02/06/2015 Books الأطفال
    Dewey Decimal Classification     مكتبة الياسمين للأطفال مكتبة الياسمين للأطفال 28/07/2025 558956   ط/ق/حسي PLD00295384 28/07/2025 28/07/2025 Books  
Implemented & Customized by: BBB with SCIT (Smart Chains for Information Technology)

Powered by Koha